К расчету возраста нейтронов деления в металло-водных смесях; Известия Томского политехнического университета [Известия ТПУ]; Т. 311, № 4 : Энергетика
| Parent link: | Известия Томского политехнического университета [Известия ТПУ]/ Томский политехнический университет (ТПУ).— , 2000- Т. 311, № 4 : Энергетика.— 2007.— [С. 15-19] |
|---|---|
| Päätekijä: | |
| Muut tekijät: | |
| Yhteenveto: | Заглавие с титульного листа Электронная версия печатной публикации Анализируются экспериментальные и расчетные данные по определению возраста нейтронов деления до индиевого резонанса в часто используемых в реакторной физике смесях Zr-H2O, Al-H2O, Fe-H2O. Приведены аппроксимации, полученные на основе метода наименьших квадратов, оценена их погрешность. Показана необходимость экспериментального определения возраста нейтронов в чистых металлах и поиска альтернативных методов расчета. |
| Kieli: | venäjä |
| Julkaistu: |
2007
|
| Sarja: | Энергетика |
| Aiheet: | |
| Linkit: | http://www.lib.tpu.ru/fulltext/v/Bulletin_TPU/2007/v311/i4/03.pdf |
| Aineistotyyppi: | MixedMaterials Elektroninen Kirjan osa |
| KOHA link: | https://koha.lib.tpu.ru/cgi-bin/koha/opac-detail.pl?biblionumber=172565 |
MARC
| LEADER | 00000nla2a2200000 4500 | ||
|---|---|---|---|
| 001 | 172565 | ||
| 005 | 20240115111813.0 | ||
| 035 | |a (RuTPU)RU\TPU\book\187136 | ||
| 035 | |a RU\TPU\book\187131 | ||
| 090 | |a 172565 | ||
| 100 | |a 20091214d2007 k y0rusy50 ca | ||
| 101 | 0 | |a rus | |
| 102 | |a RU | ||
| 135 | |a drnn ---uucaa | ||
| 181 | 0 | |a i | |
| 182 | 0 | |a b | |
| 200 | 1 | |a К расчету возраста нейтронов деления в металло-водных смесях |f А. В. Алексеев, А. В. Кузьмин | |
| 203 | |a Текст |c электронный | ||
| 215 | |a 1 файл (426 Кб) | ||
| 225 | 1 | |a Энергетика | |
| 300 | |a Заглавие с титульного листа | ||
| 300 | |a Электронная версия печатной публикации | ||
| 320 | |a [Библиогр.: с. 19 (17 назв.)] | ||
| 330 | |a Анализируются экспериментальные и расчетные данные по определению возраста нейтронов деления до индиевого резонанса в часто используемых в реакторной физике смесях Zr-H2O, Al-H2O, Fe-H2O. Приведены аппроксимации, полученные на основе метода наименьших квадратов, оценена их погрешность. Показана необходимость экспериментального определения возраста нейтронов в чистых металлах и поиска альтернативных методов расчета. | ||
| 337 | |a Adobe Reader | ||
| 461 | 1 | |0 (RuTPU)RU\TPU\book\176237 |t Известия Томского политехнического университета [Известия ТПУ] |f Томский политехнический университет (ТПУ) |d 2000- | |
| 463 | 1 | |0 (RuTPU)RU\TPU\book\187129 |x 1684-8519 |t Т. 311, № 4 : Энергетика |v [С. 15-19] |d 2007 |p 158 с. | |
| 610 | 1 | |a расчеты | |
| 610 | 1 | |a возраст | |
| 610 | 1 | |a нейтроны | |
| 610 | 1 | |a металло-водные смеси | |
| 610 | 1 | |a экспериментальные данные | |
| 610 | 1 | |a расчетные данные | |
| 610 | 1 | |a индиевый резонанс | |
| 610 | 1 | |a реакторная физика | |
| 610 | 1 | |a аппроксимация | |
| 610 | 1 | |a метод наименьших квадратов | |
| 610 | 1 | |a чистые металлы | |
| 610 | 1 | |a труды учёных ТПУ | |
| 610 | 1 | |a электронный ресурс | |
| 700 | 1 | |a Алексеев |b А. В. | |
| 701 | 1 | |a Кузьмин |b А. В. |c специалист в области теплоэнергетики |c доцент Томского политехнического университета, кандидат технических наук |f 1942- |g Ариан Валерьевич |3 (RuTPU)RU\TPU\pers\25529 |9 11459 | |
| 801 | 1 | |a RU |b 63413507 |c 20090623 |g PSBO | |
| 801 | 2 | |a RU |b 63413507 |c 20211116 |g PSBO | |
| 856 | 4 | |u http://www.lib.tpu.ru/fulltext/v/Bulletin_TPU/2007/v311/i4/03.pdf | |
| 942 | |c CF | ||